MARC details
| 000 -LÍDER |
| campo de controle de tamanho fixo |
02894cam a22003494a 4500 |
| 001 - NÚMERO DE CONTROLE |
| campo de controle |
424 |
| 003 - IDENTIFICADOR DO NÚMERO DE CONTROLE |
| campo de controle |
OSt |
| 005 - DATA E HORÁRIO DA ÚLTIMA TRANSAÇÃO |
| campo de controle |
20250527150858.0 |
| 008 - CAMPO DE DADOS FIXOS--INFORMAÇÃO GERAL |
| campo de controle de tamanho fixo |
061003 1993 bl # 000 por |
| 020 ## - ISBN - INTERNATIONAL STANDARD BOOK NUMBER |
| ISBN - International Standard Book Number |
8571643492 |
| 040 ## - FONTE DA CATALOGAÇÃO |
| Idioma da catalogação |
por |
| 041 ## - CÓDIGO DE IDIOMA |
| Código do idioma do original e/ou traduções intermediárias do texto |
por |
| Código do idioma do texto/trilha sonora ou título diferente |
eng |
| 082 ## - CDD - CLASSIFICAÇÃO DECIMAL DE DEWEY |
| Número de Classificação |
296 |
| Número do exemplar |
V523m |
| 100 1# - ENTRADA PRINCIPAL--NOME PESSOAL |
| Nome pessoal |
Geza, Vermes |
| Datas associadas ao nome |
1924- 2013 |
| 245 00 - TÍTULO |
| Título |
Os manuscritos do mar morto / |
| Indicação de responsabilidade, etc. |
Geza, Vermes ; Tradução de Júlia Bárány e Maria Helena de Oliveira Tricca |
| 260 ## - PUBLICAÇÃO, DISTRIBUIÇÃO, ETC. |
| Local de publicação, distribuição, etc. |
São Paulo |
| Nome do editor, distribuidor, etc. |
Companhia das Letras |
| Data da publicação, distribuição, etc. |
1993 |
| 300 ## - DESCRIÇÃO FÍSICA |
| Extensão |
415 p. |
| 520 ## - NOTA DE RESUMO, ETC. |
| Resumo, etc. |
Os Manuscritos do Mar Morto, única obra que traz a tradução integral de todos os textos liberados ao público até o momento, faculta confiável e direto acesso às traduções desses fascinantes documentos, todo o material acessível à tradução dos manuscritos até agora. Como o processo de entrega dos documentos aos eruditos que os estudam tem sido muito lento, Geza Vermes - desde a publicação da primeira versão, em 1962 - tem acrescentado a cada uma delas mais textos traduzidos. Neste livro foram acrescentados vinte e seis novos textos, uma introdução discutindo o desenrolar da questão Qumran, com todos os seus problemas, e um inventário - apresentado pela primeira vez - de todos os documentos entregues em 1991; Esses fascinantes documentos, que foram encontrados em 1947, em Israel, trouxeram uma enorme mudança no entendimento da Bíblia hebraica, do judaísmo pós-bíblico e das origens do cristianismo. O grande interesse mundial por esses escritos está ligado a vários fatores: foram encontrados todos os textos da Bíblia hebraica (à exceção do Livro de Ester), textos esses mil anos mais antigos que o mais velho códice conhecido até então; a importância dos textos não-bíblicos, que mostram a preparação para a vinda de Jesus Cristo; por meio deles se pode conhecer melhor as raízes do Cristianismo. Enfim, o maior achado arqueológico do século XX, que proporcionou uma tradução mais acurada da própria Bíblia; Os primeiros capítulos descrevem a filosofia, a vida, as crenças e o significado dos escritos dos essênios. Esta obra tem a virtude de ser um eficiente guia para eruditos, estudantes cujos interesses abranjam o antigo judaísmo e o cristianismo incipiente e para o público em geral, que queiram conhecer um pouco mais essa seita extraordinária - os essênios.<br/><br/> |
| 650 #0 - ASSUNTO--TERMO TÓPICO |
| Cabeçalho tópico ou nome geográfico |
Literatura Inglesa |
| 9 (RLIN) |
89 |
| 650 #0 - ASSUNTO--TERMO TÓPICO |
| Cabeçalho tópico ou nome geográfico |
Gnosticismo |
| 9 (RLIN) |
911 |
| 650 ## - ASSUNTO--TERMO TÓPICO |
| Cabeçalho tópico ou nome geográfico |
Manuscritos do Mar Morto |
| 650 #0 - ASSUNTO--TERMO TÓPICO |
| Cabeçalho tópico ou nome geográfico |
Escrituras judaicas — Textos antigos |
| 9 (RLIN) |
906 |
| 650 ## - ASSUNTO--TERMO TÓPICO |
| Cabeçalho tópico ou nome geográfico |
Arqueologia Bíblica |
| 650 #0 - ASSUNTO--TERMO TÓPICO |
| Cabeçalho tópico ou nome geográfico |
Interpretação bíblica — Antiguidade |
| 9 (RLIN) |
908 |
| 655 #0 - TERMO DE ÍNDICE--GÊNERO E FORMA |
| Gênero/forma/ou termo foco |
Não Ficção |
| 655 #0 - TERMO DE ÍNDICE--GÊNERO E FORMA |
| Gênero/forma/ou termo foco |
Estudo Arqueológico |
| 700 1# - ENTRADA ADICIONADA - NOME PESSOAL |
| Nome pessoal |
Edmund, Wilson |
| 700 1# - ENTRADA ADICIONADA - NOME PESSOAL |
| Nome pessoal |
Hildegard, Feist |
| 700 1# - ENTRADA ADICIONADA - NOME PESSOAL |
| Nome pessoal |
Maria Helena de Oliveira, Tricca |
| 700 1# - ENTRADA ADICIONADA - NOME PESSOAL |
| Nome pessoal |
Júlia Bárány, Bartolomei |
| 942 ## - ELEMENTOS DE ENTRADA ADICIONADOS (KOHA) |
| Fonte de classificação ou esquema de arquivamento |
Classificação decimal de Dewey |
| Tipo de material Koha |
Livros |